Fundamentals of real analysis

Saved in:
Bibliographic Details
Main Author: Berberian, Sterling K. 1926-
Format: Book
Language:English
Published: New York : Springer, 1998, c1999
Series:Universitext
Subjects:
Tags: Add Tag
No Tags, Be the first to tag this record!

MARC

LEADER 00000nam a2200000 i 4500
001 1/1710
008 000417s1998 eng d
020 |a 0387984801 
035 |l 10060124 
040 |a GR-MY-UA  |b gre  |e aacr 
041 0 |a eng 
082 0 |a 515 
100 1 |a Berberian, Sterling K.  |d 1926- 
245 1 0 |a Fundamentals of real analysis /  |c Sterling K. Berberian 
260 |a New York :   |b Springer,   |c 1998, c1999 
300 |a xi, 479 σ.;  |b εικ.;  |c 23 εκ. 
490 1 |a Universitext 
500 |a Το παράρτημα της Χίου διαθέτει την ανατύπωση του 1999 
504 |a Περιλαμβάνει βιβλιογραφικές παραπομπές και ευρετήριο 
650 0 0 |a Mathematical analysis. 
830 0 |a Universitext 
852 |a INST  |b CHIOS  |e 20080117  |h 515 BER  |p 005200027927  |q 005200027927  |t BK  |y 0 
852 |a INST  |b SAMOS  |e 20000417  |h 515 BER  |p 005300017157  |q 005300017157  |t BK  |y 0 
901 |a BIBL3-2000-1 
901 |a BIBL2-2008-1 
909 |a Σ  |b 067196 
909 |a Χ  |b 143572 
922 |a 2ΕΛΗ  |b 200712  |c ΕΠΕΑΕΚ2/ΤΜΟΔ  |d ΕΛΕΥΘΕΡΟΥΔΑΚΗΣ 
922 |a 3ΕΛΗ  |b 199909  |c ΕΠΕΑΕΚ/ΜΑΘ  |d ΠΑΠΑΣΩΤΗΡΙΟΥ 
970 |a ΓΕΝΟΥΖΟΥ  |b ΧΡΥΣΑΝΘΗ  |z 2000/04/17